| 000 | 00642nam a22001931b 4500 | ||
|---|---|---|---|
| 001 | 00000000068693 | ||
| 003 | OSt | ||
| 005 | 20140218213002.0 | ||
| 008 | 020226s1992 esp 0011 spa d | ||
| 020 | _a84-87146-77-5 | ||
| 040 |
_aBN _cBMC |
||
| 082 | _a001.4060 | ||
| 111 | 2 |
_94608 _aCongreso Universitario Internacional _n6º _d1991 _cSevilla |
|
| 245 | 1 | 3 |
_aEl descubrimiento de nuevos mundos _cXXIV Congreso Universitario Internacional Univ'91 |
| 260 |
_a[Pamplona] _bServicio de Publicaciones de la Universidad de Navarra _c1992 |
||
| 300 |
_a147 p. _c24 cm |
||
| 650 | 2 | 4 |
_aInvestigación _94606 _vCongresos y asambleas |
| 942 |
_2ddc _cBK |
||
| 999 |
_c2102 _d2102 |
||